000 00382nam a2200157Ia 4500
008 150509s9999 xx 000 0 und d
082 _a368.3200942
100 _aNew, Leslie John
245 _aLife assurance from proposal to policy
260 _aLondon:
260 _bPitman
260 _c1968
300 _avii, 168p. :ill. ;23cm
500 _aIndex
650 _aInsurance Life
999 _c4472
_d4472